<?xml version="1.0" encoding="UTF-8"?>
<collection xmlns="http://www.loc.gov/MARC21/slim">
    <record>
        <controlfield tag="001">53263</controlfield>
        <controlfield tag="005">20170831221222.0</controlfield>
        <datafield tag="037" ind1=" " ind2=" ">
            <subfield code="a">GDOC-2015-1863</subfield>
        </datafield>
        <datafield tag="041" ind1=" " ind2=" ">
            <subfield code="a">spa</subfield>
        </datafield>
        <datafield tag="100" ind1=" " ind2=" ">
            <subfield code="0">(orcid)0000-0002-9756-9097</subfield>
            <subfield code="a">Roy Golet, Alfredo</subfield>
        </datafield>
        <datafield tag="245" ind1="0" ind2="0">
            <subfield code="9">29707</subfield>
            <subfield code="a">Fundamentos de informática</subfield>
        </datafield>
        <datafield tag="260" ind1=" " ind2=" ">
            <subfield code="a">Zaragoza</subfield>
            <subfield code="b">Universidad de Zaragoza</subfield>
            <subfield code="c">2015-2016</subfield>
        </datafield>
        <datafield tag="520" ind1=" " ind2=" ">
            <subfield code="a">La asignatura de Fundamentos de Informática tiene como objetivo fundamental que el alumno comprenda el papel del computador en la resolución de problemas del ámbito de la Ingeniería y sea capaz de crear, analizar, depurar y mantener programas que le permitan resolver estos problemas. Aunque la asignatura constituye una materia básica común a cualquier Ingeniería, ésta se plantea de manera que se relacione con otras materias propias de la titulación potenciando el análisis y la resolución de problemas propios de la Ingeniería Mecánica.</subfield>
        </datafield>
        <datafield tag="521" ind1=" " ind2=" ">
            <subfield code="9">149</subfield>
            <subfield code="a">Graduado en Ingeniería Mecánica</subfield>
        </datafield>
        <datafield tag="540" ind1=" " ind2=" ">
            <subfield code="a">by-nc-sa</subfield>
            <subfield code="b">Creative Commons</subfield>
            <subfield code="c">3.0</subfield>
            <subfield code="u">http://creativecommons.org/licenses/by-nc-sa/3.0/</subfield>
        </datafield>
        <datafield tag="700" ind1=" " ind2=" ">
            <subfield code="0">(orcid)0000-0001-8373-5835</subfield>
            <subfield code="a">Velilla Marco, Santiago Miguel</subfield>
        </datafield>
        <datafield tag="700" ind1=" " ind2=" ">
            <subfield code="0">(orcid)0000-0002-8263-2444</subfield>
            <subfield code="a">Gónzalez Bedia, Manuel</subfield>
        </datafield>
        <datafield tag="700" ind1=" " ind2=" ">
            <subfield code="0">(orcid)0000-0001-6443-3815</subfield>
            <subfield code="a">De Miguel Casado, Gregorio</subfield>
        </datafield>
        <datafield tag="700" ind1=" " ind2=" ">
            <subfield code="0">(orcid)0000-0003-1270-5852</subfield>
            <subfield code="a">Hernández Giménez, Mónica</subfield>
        </datafield>
        <datafield tag="700" ind1=" " ind2=" ">
            <subfield code="0">(orcid)0000-0002-3243-7552</subfield>
            <subfield code="a">Urcelay Martínez De Iturrate, Karmelo</subfield>
        </datafield>
        <datafield tag="700" ind1=" " ind2=" ">
            <subfield code="0">(orcid)0000-0003-0060-7278</subfield>
            <subfield code="a">Masiá Corcoy, Belén</subfield>
        </datafield>
        <datafield tag="700" ind1=" " ind2=" ">
            <subfield code="0">(orcid)0000-0001-7982-0359</subfield>
            <subfield code="a">Rodríguez Fernández, Ricardo Julio</subfield>
        </datafield>
        <datafield tag="700" ind1=" " ind2=" ">
            <subfield code="0">(orcid)0000-0003-1044-7335</subfield>
            <subfield code="a">Fogué Cortés, Manuel</subfield>
        </datafield>
        <datafield tag="830" ind1=" " ind2=" ">
            <subfield code="9">434</subfield>
        </datafield>
        <datafield tag="856" ind1="4" ind2=" ">
            <subfield code="s">112875</subfield>
            <subfield code="u">http://zaguan.unizar.es/record/53263/files/guia.pdf</subfield>
            <subfield code="y">Guía (idioma español)</subfield>
        </datafield>
        <datafield tag="980" ind1=" " ind2=" ">
            <subfield code="a">GDOC</subfield>
            <subfield code="b">Ingeniería y Arquitectura</subfield>
            <subfield code="c">110</subfield>
        </datafield>
    </record>

    
</collection>